The 8051 microcontroller and embedded systems using assembly and C (Record no. 11064)
[ view plain ]
| 000 -LEADER | |
|---|---|
| fixed length control field | 00488 a2200169 4500 |
| 020 ## - INTERNATIONAL STANDARD BOOK NUMBER | |
| International Standard Book Number | 9788131710265 |
| 082 ## - DEWEY DECIMAL CLASSIFICATION NUMBER | |
| Classification number | 629.895 |
| 090 ## - LOCALLY ASSIGNED LC-TYPE CALL NUMBER (OCLC); LOCAL CALL NUMBER (RLIN) | |
| -- | 7261 |
| -- | 7261 |
| 100 ## - MAIN ENTRY--PERSONAL NAME | |
| Personal name | Muhammad Ali Mazidi |
| 245 ## - TITLE STATEMENT | |
| Title | The 8051 microcontroller and embedded systems using assembly and C |
| Statement of responsibility, etc. | Muhammad Ali Mazidi |
| 250 ## - EDITION STATEMENT | |
| Edition statement | 2nd ed. |
| 260 ## - PUBLICATION, DISTRIBUTION, ETC. | |
| Place of publication, distribution, etc. | New Delhi. |
| Name of publisher, distributor, etc. | Pearson |
| Date of publication, distribution, etc. | 2006 |
| 300 ## - PHYSICAL DESCRIPTION | |
| Extent | xii, 547p.: |
| Other physical details | ill.; |
| Dimensions | 25cm. |
| 700 ## - ADDED ENTRY--PERSONAL NAME | |
| Personal name | Janice Gillispie Mazidi |
| 700 ## - ADDED ENTRY--PERSONAL NAME | |
| Personal name | Rolin D. McKinlay |
| 942 ## - ADDED ENTRY ELEMENTS (KOHA) | |
| Koha item type | Book |
| Call number prefix | 629.895 MAZ |
| Withdrawn status | Lost status | Damaged status | Not for loan | Collection code | Permanent Location | Current Location | Shelving location | Date acquired | Source of acquisition | Cost, normal purchase price | Total Checkouts | Total Renewals | Full call number | Barcode | Date last seen | Date last checked out | Price effective from | Koha item type | Checked out |
|---|---|---|---|---|---|---|---|---|---|---|---|---|---|---|---|---|---|---|---|
| Central Library (CL) | Central Library (CL) | General Stacks | 08/06/2012 | Allied Book Company | 410.40 | 5 | 2 | 629.895 MAZ | SEECS011476 | 09/18/2021 | 11/13/2018 | 01/05/2017 | Book | ||||||
| Central Library (CL) | Central Library (CL) | General Stacks | 09/09/2013 | Donation | 0.00 | 9 | 629.895 MAZ | SEECSD00954 | 12/25/2018 | 11/23/2018 | 01/05/2017 | Book | |||||||
| Central Library (CL) | Central Library (CL) | General Stacks | 12/27/2013 | Allied Book Company | 488.00 | 6 | 5 | 629.895 MAZ | SEECS013129 | 01/02/2019 | 10/01/2018 | 01/05/2017 | Book | 10/14/2022 |
